000 00910cab a2200241 4500
001 ABS55106
008 090401t1996 xxu||||| |||| 00| 0 eng d
035 _a(Sirsi) u14248
041 _aeng
100 _aNicholls, T.
245 _aReviewing liability
260 _c1996
350 _a0
490 _aNew Civil Engineer
_v(1175) 23 May 1996, 25(1)
520 _aReviews joint and several liability in the construction law. Looks at the conclusions of a feasibility report by the Law Commission which enables the government and the Law Commission to determine whether there needed to be a full scale review of this law. Argues that more debate is needed on how liability laws operate.
650 _aCONSTRUCTION DEFECTS
650 _aCONSTRUCTION DISPUTES
650 _aJOINT AND SEVERAL LIABILITY
650 _aLIABILITY LAW
690 _aBUILT ENVIRONMENT
942 _n0
948 _c04/03/1997
999 _c9259
_d9259